000 01343nam a22002657a 4500
001 3955
003 FISKH
005 20250829145353.0
008 240528b cb ||||| |||| 00| 0 eng d
020 _a9780439944465
040 _aFISK
_beng
_cFISK
_dFISK
050 _aQ180.2
082 _a616
100 _aArnold Nick
_d1964-
245 _aDeadly diseases /
_bHorrible science
_cby Nick Arnold
260 _aNew York :
_bScholastic,
_c2008
300 _a173 pages :
_billustrations,
_c20 cm
505 _aQ
520 _aScience with the squishy bits left in! Deadly Diseases will leave you squirming for more. Are you dying to discover ... which dedicated nurse drank diarrhoea? How maggots can help get rid of germs? Why a scientist used eyeballs as food for bacteria? If you think you can stomach the sick side of science, then read on to find out about all kinds of illnesses from the common cold to cruel cholera, why ancient doctors thought nasty pongs caused disease and what happens to your body when it comes under attack. With fantastic fact files and curious quizzes, teacher tests and crazy cartoons, Deadly Diseases is crammed with info. Science has never been so horrible!
521 8 _a930
_bLexile
521 8 _aQ
_bRaz-Plus
700 _aNick Arnold
942 _2ddc
_cBK
_n0
999 _c3955
_d3955